|
|
|
|
| LEADER |
00972nam a2200241 a 4500 |
| 001 |
11252475 |
| 008 |
091007s2005 dcuqr0 s i0 a0eng d |
| 010 |
|
|
|a 81649851
|
| 020 |
|
|
|a 0252306x
|
| 020 |
|
|
|a 1589064615
|
| 040 |
|
|
|a NBrockU
|c NBrockU
|d MnMULS
|d TxU
|d DLC
|d NSDP
|d NST
|d NSDP
|d DLC
|d NSDP
|d OCoLC
|d NST
|d DLC
|d NST
|d DLC
|d NST
|d NSDP
|d NST
|d OCoLC
|d GU
|d MCM
|d DNAL
|d InU
|d DNAL
|d DLC
|d OCoLC
|
| 082 |
|
|
|a 382/.0212
|
| 245 |
0 |
0 |
|a Direction of trade statistics.
|
| 260 |
|
|
|a Washington, D.C. :
|b International Monetary Fund,
|c 1981-c1994.
|
| 300 |
|
|
|a xxi,544 p. ;
|c 28 cm.
|
| 321 |
|
|
|a Monthly
|
| 500 |
|
|
|a Issued also in an annual summary.
|
| 541 |
1 |
|
|e 00014058
|
| 650 |
|
0 |
|a Commercial statistics
|v Periodicals.
|
| 710 |
2 |
|
|a International Monetary Fund.
|
| 852 |
4 |
|
|a Ayesha Abed Library
|j General shelf
|
| 999 |
|
|
|c 4410
|d 4410
|
| 952 |
|
|
|0 0
|1 0
|2 ddc
|4 0
|6 382_021200000000000_DIR_2005
|7 0
|9 4115
|a BRACUL
|b BRACUL
|c GEN
|d 2009-10-11
|l 0
|o 382.0212 DIR
|p 3010014058
|r 2009-10-11
|t 1
|w 2009-10-11
|y BK
|